El hombre que parecía un caballo y otros cuentos : edición crítica /
Rafael Arévalo Martínez (Guatemala, 1884-1975) ha sido señalado como el creador de la novela "psicozoológica", y es uno de los narradores fantásticos más importantes de Latinoamérica. Esta edición crítica establece el texto definitivo del libro de cuentos que da título a esta obra y reúne los cuento...
Saved in:
| Main Author: | |
|---|---|
| Other Authors: | |
| Format: | Book |
| Language: | Español |
| Published: |
México : Madrid, España :
CONACULTA ; ALLCA XX,
1997, c1997
|
| Series: | (Archivos ;
29) |
| Subjects: | |
| Tags: |
No Tags, Be the first to tag this record!
|
MARC
| LEADER | 00000nam^a2200000^a^4500 | ||
|---|---|---|---|
| 001 | 000109715 | ||
| 005 | 20250521000000.0 | ||
| 009 | 20260526122457.824 | ||
| 020 | |a 84-89666-28-8 | ||
| 037 | |a Acervo ITESO - Biblioteca | ||
| 041 | |a ESP | ||
| 082 | |a 863. |b ARE | ||
| 100 | |a Arévalo Martínez, Rafael |e (autor) | ||
| 245 | 1 | 3 | |a El hombre que parecía un caballo y otros cuentos : |b edición crítica / |a R. Arévalo Martínez ; Coord. D. Liano. |
| 264 | 4 | |a México : |b CONACULTA ; |a Madrid, España : |b ALLCA XX, |c 1997, c1997 | |
| 300 | |a 660 p. | ||
| 336 | |a texto |b txt |2 rdacontenido | ||
| 337 | |a sin mediación |b n |2 rdamedio | ||
| 338 | |a volumen |b nc |2 rdasoporte | ||
| 440 | 1 | |a (Archivos ; |v 29) | |
| 520 | |a Rafael Arévalo Martínez (Guatemala, 1884-1975) ha sido señalado como el creador de la novela "psicozoológica", y es uno de los narradores fantásticos más importantes de Latinoamérica. Esta edición crítica establece el texto definitivo del libro de cuentos que da título a esta obra y reúne los cuentos que en las diversas ediciones se ampararon bajo ese nombre. Se suman los principales estudios críticos al respecto de la obra, más un grupo de críticas realizadas para esta edición. | ||
| 649 | |a XX | ||
| 650 | |a Cuentos Guatemaltecos | ||
| 650 | |a Cuentos Guatemaltecos - |x Historia y Crítica | ||
| 650 | |a Literatura Guatemalteca - |y Siglo XX | ||
| 650 | |a Literatura Guatemalteca - |x Historia y Crítica | ||
| 650 | |a Literatura Fantástica - |z Guatemala | ||
| 700 | |a Liano, Dante |e (coordinación) | ||
| 910 | |a Fondo General | ||
| 920 | |a Impresos - Libros | ||
| 930 | |a Colección General | ||
| 940 | |a Literatura | ||
| 905 | |a 101 | ||
| 901 | |a 0500046455 |b IT1 |c LIT |u 20250521 | ||
| 902 | |a https://opac.biblio.iteso.mx/vufind/Record/000109715 | ||